Extremely Hard General Knowledge #17 - Statistics

General Stats
  • This quiz has been taken 830 times
    624 since last reset
  • The average score is 4 of 20
Answer Stats
Hint Answer % Correct
As of 2022, how many cities are in Scotland? 8
57%
What is the name of a male duck? Drake
50%
Which American television network has the Oscar's ceremony been broadcast on every year since 1976? ABC
42%
Who became the Prime Minister of New Zealand in 2017 until her resignation in 2023? Jacinda Ardern
36%
What is the name of Gandalf's horse in The Lord of the Rings? Shadowfax
34%
What county is Windsor Castle in? Berkshire
27%
What are the bones in the palm of your hand called? Metacarpal
25%
Which year did the English Civil War begin? 1642
22%
Released in 1992, what was the name of the only UK Number One by BOYZ II MEN? End of the Road
18%
What is the name of the main antagonist of the book 'Heart of Darkness'? Mr. {Kurtz}
16%
In British Politics, who was the first Prime Minister representing the Labour Party? Ramsay MacDonald
15%
Which countries flag has the writing 'Sub Umbra Floreo' which translates to 'Under the Shade I Flourish'? Belize
14%
What is the nickname of the derby between Brighton & Hove Albion and Crystal Palace, named after the motorway connecting Sussex and South London? M23
14%
Which Slovenian won the Tour de France in 2020 and 2021? Tadej Pogačar
14%
Who was the jockey who rode Nijinsky to the English Triple Crown in 1970, the most recent to do so? Lester Piggott
10%
Who was the lead singer of the English Prog. Rock band King Crimson when they formed in 1968? Greg Lake
6%
In Coronation Street, what is the name of the actress who plays Gail Platt? Helen Worth
6%
In the Bible who was the father of Abraham, Nahor and Haran? Terah
4%
What is the name of the only 'lake' in Scotland? Lake of {Menteith}
3%
What is the name of the longest river that flows through Tokyo? Sumida
3%
No matching quizzes found
Score Distribution
Percent of People with Each Score
Percentile by Number Answered
Your Score History
You have not taken this quiz since the last reset